| 000 | 01001nam2a2200241 4500 | ||
|---|---|---|---|
| 001 | RU\NLR\ONL1\10405 | ||
| 005 | 20250613120600.0 | ||
| 035 | _a(NLR Aleph) 009639153 | ||
| 090 |
_a9538373 _c9538373 |
||
| 100 | _a20061130d1933 |||y0rusy50 ca | ||
| 101 | 0 | _audm | |
| 102 | _aRU | ||
| 105 | _aa ||||||||| | ||
| 200 | 0 |
_aЧ. 2 _eньылети| араз дышетон книга |
|
| 210 |
_d1933 _aБ. м. |
||
| 215 |
_a104 с. _cил. |
||
| 461 | 0 |
_1001RU\NLR\ONL1\10402 _12001#$aЕстествознани оди|г ёзо школаын$fВ. А. Тетюрев$vЧ. 2 _1700#1$aТетюрев$bВ. А.$gВладимир Алексеевич$4070 _99538362 _aТетюрев, В. А. _cИжкар _d1933 _fВ. А. Тетюрев _nКунлэн удмурт. кн. пот. _tЕстествознани оди|г ёзо школаын _vЧ. 2 |
|
| 801 | 0 |
_aRU _bNLR _c20061130 _gPSBO |
|
| 852 |
_aNLR _bОНЛ _jУдмур./3-308 |
||
| 942 | _cBOOK | ||
| 980 | _aNB | ||